| 000 | 00332 a2200145 4500 | ||
|---|---|---|---|
| 001 | 63514 | ||
| 082 | _a620.1123 SEC | ||
| 090 |
_c37526 _d37526 |
||
| 100 | _aSechler,E.E | ||
| 245 | _aElasticity in engineering | ||
| 250 | _a1 | ||
| 260 |
_aNY _bJohn wiley _c1963 |
||
| 300 |
_avii, 420 p _bphotocopy |
||
| 500 | _aMS textbook | ||
| 942 |
_aNUST-CAE _k620.1123 SEC |
||
| 999 |
_c298587 _d298587 |
||